000 00414pab a2200157 454500
008 180718b2012 xxu||||| |||| 00| 0 eng d
100 _aSahasranaman, Anand
245 _aPanchayat finances and the need for devolution from the state government.
260 _c2012
300 _ap.73-80.
362 _a28 Jan
650 _aPanchayat
773 _aEconomic and Political Weekly
908 _aN
909 _a94658
999 _c94658
_d94658